<?xml version="1.0" encoding="UTF-8"?>
<record
    xmlns:xsi="http://www.w3.org/2001/XMLSchema-instance"
    xsi:schemaLocation="http://www.loc.gov/MARC21/slim http://www.loc.gov/standards/marcxml/schema/MARC21slim.xsd"
    xmlns="http://www.loc.gov/MARC21/slim">

  <leader>01873nas a2200277Ia 4500</leader>
  <controlfield tag="001">R050-S1767</controlfield>
  <controlfield tag="003">IT-CnALBA</controlfield>
  <controlfield tag="008">170116c99999999xx ||||||||||||   ||und||</controlfield>
  <datafield tag="040" ind1=" " ind2=" ">
    <subfield code="a">IT-CnALBA</subfield>
    <subfield code="c">IT-CnALBA</subfield>
  </datafield>
  <datafield tag="041" ind1=" " ind2=" ">
    <subfield code="a">ITALIANO</subfield>
  </datafield>
  <datafield tag="100" ind1=" " ind2=" ">
    <subfield code="a">CAPRILE GIOVANNI, SJ.</subfield>
  </datafield>
  <datafield tag="210" ind1=" " ind2=" ">
    <subfield code="a">LA CIVILT&#xC0; CATTOLICA</subfield>
  </datafield>
  <datafield tag="222" ind1=" " ind2=" ">
    <subfield code="a">LA CIVILT&#xC0; CATTOLICA</subfield>
  </datafield>
  <datafield tag="245" ind1=" " ind2="0">
    <subfield code="a">LA CIVILT&#xC0; CATTOLICA. ANNO CXXXV. VOL. II. 1984. </subfield>
    <subfield code="b">RIVISTA CULTURALE</subfield>
  </datafield>
  <datafield tag="250" ind1=" " ind2=" ">
    <subfield code="a">1a ed.</subfield>
  </datafield>
  <datafield tag="260" ind1=" " ind2=" ">
    <subfield code="a"> ROMA</subfield>
    <subfield code="b">LA CIVILT&#xC0; CATTOLICA EDIZIONI </subfield>
    <subfield code="c">1984 [1&#xB0; Ed.:1984 - Ed.Ling.Originale: 1984]</subfield>
  </datafield>
  <datafield tag="300" ind1=" " ind2=" ">
    <subfield code="a">624 p. </subfield>
  </datafield>
  <datafield tag="310" ind1=" " ind2=" ">
    <subfield code="a">QUINDICINALE</subfield>
  </datafield>
  <datafield tag="362" ind1=" " ind2=" ">
    <subfield code="a">Fascicolo: 3211-3216 / Anno: 135 (1984)</subfield>
  </datafield>
  <datafield tag="500" ind1=" " ind2=" ">
    <subfield code="a">RICERCA SENSO AUTENTICO STATO. LE NON RAGIONI DELL'ATEISMO TEORICO. ATEISMO E RADICALE ANTIATEISMO. FAME NEL MONDO E COSCIENZA CRISTIANA. RISVEGLIO ISLAM. CONOSCENZA ISLAM. ALESSANDRO CHIRA, CALVARIO VESCOVO UCRAINO. VOTO DEI CATTOLICI NELLE ELEZIONI PARLAMENTO EUROPEO. DE ROSA G. STORICIT&#xC0; VANGELI ALLA PROVA DEL METODO STORICO CRITICO. FANTUZZI V. PASQUA A TEATRO. ATTO D'AFFIDAMENTO A MARIA, SIGNIFICATO TEOLOGICO. TOSATTI QUINTO, UOMO IMPEGNO CULTURA. MUCCI G. AVVENTURA DEL PADRE C. CURCI. </subfield>
  </datafield>
  <datafield tag="501" ind1=" " ind2=" ">
    <subfield code="a">Societ&#xE0; San Paolo EM - Piazza San Paolo, 14 - 12051 ALBA (CN)  (non commercial uses only) &#xAE; Copyright 2017</subfield>
  </datafield>
  <datafield tag="520" ind1=" " ind2=" ">
    <subfield code="a">RICERCA SENSO AUTENTICO STATO. LE NON RAGIONI DELL'ATEISMO TEORICO. ATEISMO E RADICALE ANTIATEISMO. FAME NEL MONDO E COSCIENZA CRISTIANA. RISVEGLIO ISLAM. CONOSCENZA ISLAM. ALESSANDRO CHIRA, CALVARIO VESCOVO UCRAINO. VOTO DEI CATTOLICI NELLE ELEZIONI PARLAMENTO EUROPEO. DE ROSA G. STORICIT&#xC0; VANGELI ALLA PROVA DEL METODO STORICO CRITICO. FANTUZZI V. PASQUA A TEATRO. ATTO D'AFFIDAMENTO A MARIA, SIGNIFICATO TEOLOGICO. TOSATTI QUINTO, UOMO IMPEGNO CULTURA. MUCCI G. AVVENTURA DEL PADRE C. CURCI. </subfield>
  </datafield>
  <datafield tag="650" ind1=" " ind2=" ">
    <subfield code="a">RIVISTA CULTURALE</subfield>
  </datafield>
  <datafield tag="942" ind1=" " ind2=" ">
    <subfield code="c">CR</subfield>
  </datafield>
  <datafield tag="957" ind1=" " ind2=" ">
    <subfield code="7">1</subfield>
  </datafield>
  <datafield tag="999" ind1=" " ind2=" ">
    <subfield code="a">63666</subfield>
    <subfield code="b">NO</subfield>
    <subfield code="g">1</subfield>
    <subfield code="c">330366</subfield>
    <subfield code="d">330366</subfield>
  </datafield>
  <datafield tag="952" ind1=" " ind2=" ">
    <subfield code="0">0</subfield>
    <subfield code="1">0</subfield>
    <subfield code="4">0</subfield>
    <subfield code="6">R_050S1767</subfield>
    <subfield code="7">1</subfield>
    <subfield code="a">ALBA</subfield>
    <subfield code="b">ALBA</subfield>
    <subfield code="d">2017-01-16</subfield>
    <subfield code="l">0</subfield>
    <subfield code="o">R050-S1767</subfield>
    <subfield code="r">2017-01-16 00:00:00</subfield>
    <subfield code="w">2017-01-16</subfield>
    <subfield code="y">CR</subfield>
    <subfield code="z">(data import: 16 gennaio 2017) - By Epidotti, Vaglietti. </subfield>
  </datafield>
</record>
